| 000 | 00569nam a22001817a 4500 | ||
|---|---|---|---|
| 005 | 20250529165240.0 | ||
| 010 | _aENG-145037 | ||
| 020 |
_a9789383930234 _c895.00 |
||
| 035 | _aEN-128569 | ||
| 037 | _bDBAD | ||
| 082 | _a025.2 | ||
| 100 |
_aReddy, M. Sankara _981454 |
||
| 245 |
_aCulture and libraries/ _cM. Sankara Reddy |
||
| 260 |
_aNew Delhi _bG.B. Books _c2015 |
||
| 270 |
_a4832/24, S-204 Prahlad Lane, Ansari Road _bNew Delhi _e110002 _k9810696999 _k011-41002854 |
||
| 300 |
_axvi, 268p. _c24cm(hb) _bIndex |
||
| 942 |
_2ddc _cEN _mRED _h025.2 |
||
| 999 |
_c211453 _d211453 |
||